| 000 | 00439nam a2200145Ia 4500 | ||
|---|---|---|---|
| 008 | 230917s9999||||xx |||||||||||||| ||und|| | ||
| 040 |
_e87897 _aMAIN |
||
| 041 | _aEnglish | ||
| 082 | _a531 U1C | ||
| 100 | _aUpadhyaya, J C | ||
| 245 | 0 | _aClassical mechanics: For MSc (Physics), BSc (honours), BE, NET, Gate and other competitive examination | |
| 260 |
_aBombay _bHimalaya Publishing House _c2003 |
||
| 300 | _axii, 506 p. | ||
| 942 | _cBK | ||
| 999 |
_c114856 _d114856 |
||